كتاب صبح الأعشى / (Record no. 16291)
[ view plain ]
| 000 -الفاتح | |
|---|---|
| حقل البيانات ثابتة الطول | 01315nam a22003137a 4500 |
| 003 - محدد رقم الضبط | |
| رقم الضبط | EG-ScBUE |
| 005 - وقت وتاريخ اخر تعامل مع التسجيلة | |
| رقم الضبط | 20200129124114.0 |
| 008 - عناصر البيانات ثابتة الطول - معلومات عامة | |
| حقل البيانات ثابتة الطول | 111205s2004 ua f be 00000 ara d |
| 017 ## - رقم الإيداع القانونى | |
| رقم الإيداع القانونى | 2004 / 19994 |
| 040 ## - مصدر الفهرسة | |
| وكالة الفهرسة الأصلية | EG-ScBUE |
| لغة الفهرسة | ara |
| قواعد الوصف | rda |
| وكالة النسخ | EG-ScBUE |
| وكالة التعديل | EG-ScBUE |
| 082 04 - رقم تصنيف ديوى العشرى | |
| رقم التصنيف | 039.927 |
| رقم المادة | ق ل ق |
| رقم الطبعة | 22 |
| 100 1# - المدخل الرئيسى - إسم شخصى | |
| الإسم الشخصى | قلقشندي، أحمد بن علي بن أحمد، |
| التواريخ المصاحبة للاسم | 821-756 هـ، |
| الدور | مؤلف. |
| 245 10 - بيان العنوان | |
| العنوان | كتاب صبح الأعشى / |
| بيان المسئوليه,etc | تأليف أبي العباس أحمد القلقشندي ؛ قدم هذه الطبعة أ. د فوزي محمد أمين. |
| 246 30 - العنوان الموازى | |
| عنوان صحيح/عنوان مختصر | صبح الأعشى |
| 250 ## - بيان الطبعة | |
| بيان الطبعة | طبعة مصورة عن طبعة دار الكتب الخديوية. |
| 264 #1 - النشر، التوزيع | |
| مكان الناشر او الموزع | القاهرة : |
| اسم الناشر او الموزع | الهيئة العامة لقصور الثقافة، |
| تاريخ النشر أو التوزيع | 2004. |
| 300 ## - الوصف المادى | |
| التعداد | 12 مجلد ؛ |
| أبعاد الوعاء | 24 سم. |
| 336 ## - نوع المحتوى | |
| source | rdacontent |
| Carrier Type Term | نص |
| Content Type Code | txt |
| 337 ## - نوع الوسيط | |
| source | rdamedia |
| Media Type Term | بدون وسيط |
| Media Type Code | n |
| 338 ## - نوع الحامل أو الناقل | |
| source | rdacarrier |
| Carrier Type Term | مجلد |
| Carrier Type Code | nc |
| 490 0# - بيان السلسلة | |
| عنوان السلسلة | الذخائر ؛ |
| رقم المجلد/ التعيين التسلسلي | 141-130 |
| 504 ## - تبصرة ببليوجرافية | |
| تبصرة ببليوجرافية,الخ | يشتمل على إرجاعات ببليوجرافية. |
| 650 #7 - المدخل الاضافى بالموضوع-مصطلح موضوعى | |
| مصطلح موضوعي أو اسم جغرافي كعنصر مدخل | دوائر المعارف العربية. |
| مصدر الرأس أو المصطلح | BUEsh |
| 9 (RLIN) | 16813 |
| 651 ## - المدخل الاضافى بالموضوع - اسم جغرافى | |
| مصدر الرأس أو المصطلح | BUEsh |
| 653 ## - مصطلح تكشيفى غير مقيد | |
| Resource For college | Generalities |
| Arrived date list | November2011 |
| -- | January2018 |
| 655 ## - مصطلح تكشيفى-نوع/شكل | |
| التقسيم الفرعي الشكلي | Reading book |
| 700 1# - المدخل الاضافى - اسم شخصى | |
| الإسم الشخصى | أمين، فوزي محمد، |
| التواريخ المصاحبة للاسم | 1941- |
| الدور | مقدم. |
| 9 (RLIN) | 13632 |
| 942 ## - عناصر المدخل الإضافي( كوها) | |
| مصدر التصنيف او مخطط الترفيف | Dewey Decimal Classification |
| حالة التراجع | حالة الفقد | مصدر التصنيف او خطة الترفيف | حالة تلف | ليس للاعارة | مجموعات كوها | المكان الدائم | المكان الحالي | موقع الترفيف | تاريخ الاكتساب | Source of acquisition | رقم الاستدعاء | الباركود | Date last seen | نوع الوعاء | تبصرة عامة |
|---|---|---|---|---|---|---|---|---|---|---|---|---|---|---|---|
| Dewey Decimal Classification | Alef-Baa | Central Library | Central Library | Ground Floor | 05/12/2011 | Purchase | 039.927 ق ل ق | 000025758 | 15/07/2025 | Reference (NB) | مج. 1. | ||||
| Dewey Decimal Classification | Alef-Baa | Central Library | Central Library | Ground Floor | 05/12/2011 | Purchase | 039.927 ق ل ق | 000025759 | 15/07/2025 | Reference (NB) | مج. 2. | ||||
| Dewey Decimal Classification | Alef-Baa | Central Library | Central Library | Ground Floor | 05/12/2011 | Purchase | 039.927 ق ل ق | 000025760 | 15/07/2025 | Reference (NB) | مج. 3. | ||||
| Dewey Decimal Classification | Alef-Baa | Central Library | Central Library | Ground Floor | 05/12/2011 | Purchase | 039.927 ق ل ق | 000025761 | 15/07/2025 | Reference (NB) | مج. 4. | ||||
| Dewey Decimal Classification | Alef-Baa | Central Library | Central Library | Ground Floor | 05/12/2011 | Purchase | 039.927 ق ل ق | 000025762 | 15/07/2025 | Reference (NB) | مج. 8. | ||||
| Dewey Decimal Classification | Alef-Baa | Central Library | Central Library | Ground Floor | 05/12/2011 | Purchase | 039.927 ق ل ق | 000025763 | 15/07/2025 | Reference (NB) | مج. 10. | ||||
| Dewey Decimal Classification | Alef-Baa | Central Library | Central Library | Ground Floor | 05/12/2011 | Purchase | 039.927 ق ل ق | 000025764 | 15/07/2025 | Reference (NB) | مج. 11. | ||||
| Dewey Decimal Classification | Alef-Baa | Central Library | Central Library | Ground Floor | 05/12/2011 | Purchase | 039.927 ق ل ق | 000025765 | 15/07/2025 | Reference (NB) | مج. 12. | ||||
| Dewey Decimal Classification | Alef-Baa | Central Library | Central Library | Ground Floor | 22/01/2018 | Purchase | 039.927 ق ل ق | 000042867 | 15/07/2025 | Reference (NB) | مج. 9. |